|
|
|
|
| LEADER |
00000nam0a2200000 4500 |
| 001 |
52154 |
| 005 |
20231031041248.0 |
| 010 |
|
|
|a 5940150183
|
| 035 |
|
|
|a (RuTPU)RU\TPU\book\54630
|
| 090 |
|
|
|a 52154
|
| 100 |
|
|
|a 20030523d2002 m y0rusy50 ca
|
| 101 |
1 |
|
|a rus
|c eng
|
| 102 |
|
|
|a RU
|
| 105 |
|
|
|a y z 001zy
|
| 200 |
1 |
|
|a Лидерство: от загадок к практике
|e пер. с англ.
|f Л. Стаут
|
| 210 |
|
|
|a Москва
|c Добрая книга
|d 2002
|
| 215 |
|
|
|a 320 с.
|
| 225 |
1 |
|
|a Средства для высокоэффективной жизни
|
| 320 |
|
|
|a Библиогр.: с. 297-310.
|
| 610 |
1 |
|
|a психология
|
| 610 |
1 |
|
|a управление
|
| 610 |
1 |
|
|a экономика
|
| 610 |
1 |
|
|a руководители
|
| 610 |
1 |
|
|a лидеры
|
| 610 |
1 |
|
|a лидерство
|
| 686 |
|
|
|a Ю954
|v LBC/SL-A
|2 rubbk
|
| 686 |
|
|
|a У821
|v LBC/SL-A
|2 rubbk
|
| 700 |
|
1 |
|a Стаут
|b Л.
|g Ларри
|
| 801 |
|
1 |
|a RU
|b 63413507
|c 20030523
|g PSBO
|
| 801 |
|
2 |
|a RU
|b 63413507
|c 20190410
|g PSBO
|
| 942 |
|
|
|c BK
|